Statystyki dla Najwyższe szczyty w Polsce

Kliknij tutaj aby rozwiązać quiz!

Ogólne statystyki

  • Ten quiz został rozwiązany 44 razy
  • Średni wynik to 3 z 6

Statystyki odpowiedzi

HintOdpowiedź% Poprawnych
2499 mRysy
97%
1603 mŚnieżka
86%
1725 mBabia Góra
61%
1346 mTarnica
44%
1310 mTurbacz
31%
1262 mRadziejowa
22%

Rozkład punktacji

Percentyl według liczby udzielonych odpowiedzi

Procent ludzi z każdym wynikiem

Twoja historia wyników

Nie rozwiązałeś tego quizu